Größte Städte Indiens - Statistiken

Allgemein
  • Dieses Quiz wurde 41 mal gespielt
  • Das Durchschnittsergebnis liegt bei 8 aus 10
Antwortstatistiken
Einwohner Stadt % Korrekt
34.6 Mio. Delhi
97%
27.1 Mio. Mumbai
97%
12.6 Mio. Chennai
92%
17.7 Mio. Kalkutta
92%
14.2 Mio. Bengaluru
84%
11.4 Mio. Hyderabad
76%
9.60 Mio. Ahmedabad
68%
7.75 Mio. Pune
65%
4.40 Mio. Jaipur
59%
7.75 Mio. Surat
54%
Keine übereinstimmenden Quizze gefunden
Verteilung der Resultate
Anzahl Personen mit jedem Resultat
Perzentil nach korrekt beantworteten Fragen
Ihre Resultats-Entwicklung
Sie haben dieses Quiz noch nicht gespielt